<?xml version="1.0" encoding="UTF-8"?>
<record
    xmlns:xsi="http://www.w3.org/2001/XMLSchema-instance"
    xsi:schemaLocation="http://www.loc.gov/MARC21/slim http://www.loc.gov/standards/marcxml/schema/MARC21slim.xsd"
    xmlns="http://www.loc.gov/MARC21/slim">

  <leader>01647nam a22006497a 4500</leader>
  <controlfield tag="005">20251023190737.0</controlfield>
  <controlfield tag="008">160201b2017    sp ||||| |||| 00| 0 spa d</controlfield>
  <datafield tag="020" ind1=" " ind2=" ">
    <subfield code="a">9788491132059</subfield>
  </datafield>
  <datafield tag="041" ind1=" " ind2=" ">
    <subfield code="a">ESP</subfield>
  </datafield>
  <datafield tag="082" ind1=" " ind2=" ">
    <subfield code="a">611.91 N882a3</subfield>
  </datafield>
  <datafield tag="100" ind1=" " ind2=" ">
    <subfield code="a">Norton, Neil S.</subfield>
    <subfield code="9">61890</subfield>
  </datafield>
  <datafield tag="245" ind1=" " ind2=" ">
    <subfield code="a">Netter: Anatom&#xED;a de cabeza y cuello para odont&#xF3;logos</subfield>
  </datafield>
  <datafield tag="250" ind1=" " ind2=" ">
    <subfield code="a">3 edici&#xF3;n</subfield>
  </datafield>
  <datafield tag="260" ind1=" " ind2=" ">
    <subfield code="a">Espa&#xF1;a</subfield>
  </datafield>
  <datafield tag="260" ind1=" " ind2=" ">
    <subfield code="b">Elsevier</subfield>
  </datafield>
  <datafield tag="260" ind1=" " ind2=" ">
    <subfield code="c">2017</subfield>
  </datafield>
  <datafield tag="300" ind1=" " ind2=" ">
    <subfield code="a">695 p&#xE1;ginas</subfield>
  </datafield>
  <datafield tag="300" ind1=" " ind2=" ">
    <subfield code="b">Ilustraciones a color</subfield>
  </datafield>
  <datafield tag="490" ind1=" " ind2=" ">
    <subfield code="a">Mec&#xE1;nica Dental</subfield>
  </datafield>
  <datafield tag="650" ind1=" " ind2=" ">
    <subfield code="a">ANATOM&#xCD;A HUMANA</subfield>
  </datafield>
  <datafield tag="650" ind1=" " ind2=" ">
    <subfield code="a">ANATOM&#xCD;A DE CABEZA Y CUELLO</subfield>
  </datafield>
  <datafield tag="650" ind1=" " ind2=" ">
    <subfield code="a">DIENTES</subfield>
  </datafield>
  <datafield tag="650" ind1=" " ind2=" ">
    <subfield code="a">OSTEOLOG&#xD3;A</subfield>
  </datafield>
  <datafield tag="650" ind1=" " ind2=" ">
    <subfield code="a">M&#xDA;SCULOS DE MASTICACI&#xD3;N</subfield>
  </datafield>
  <datafield tag="650" ind1=" " ind2=" ">
    <subfield code="a">ARTICULACI&#xD3;N TEMPOROMANDIBULAR</subfield>
  </datafield>
  <datafield tag="650" ind1=" " ind2=" ">
    <subfield code="a">SENOS PARANASALES</subfield>
  </datafield>
  <datafield tag="650" ind1=" " ind2=" ">
    <subfield code="a">NARIZ</subfield>
  </datafield>
  <datafield tag="650" ind1=" " ind2=" ">
    <subfield code="a">CR&#xC1;NEO</subfield>
  </datafield>
  <datafield tag="650" ind1=" " ind2=" ">
    <subfield code="a">LENGUA</subfield>
  </datafield>
  <datafield tag="650" ind1=" " ind2=" ">
    <subfield code="a">FARINGE</subfield>
  </datafield>
  <datafield tag="650" ind1=" " ind2=" ">
    <subfield code="a">LARINGE</subfield>
  </datafield>
  <datafield tag="650" ind1=" " ind2=" ">
    <subfield code="a">CAVIDAD BUCAL</subfield>
  </datafield>
  <datafield tag="650" ind1=" " ind2=" ">
    <subfield code="a">NEUROANATOM&#xCD;A</subfield>
  </datafield>
  <datafield tag="650" ind1=" " ind2=" ">
    <subfield code="a">CUERO CABELLUDO</subfield>
  </datafield>
  <datafield tag="650" ind1=" " ind2=" ">
    <subfield code="a">NERVIOS CRANEALES</subfield>
  </datafield>
  <datafield tag="650" ind1=" " ind2=" ">
    <subfield code="a">OIDO</subfield>
  </datafield>
  <datafield tag="650" ind1=" " ind2=" ">
    <subfield code="a">OJOS</subfield>
  </datafield>
  <datafield tag="650" ind1=" " ind2=" ">
    <subfield code="a">ANESTESIAS INTRAORALES</subfield>
  </datafield>
  <datafield tag="650" ind1=" " ind2=" ">
    <subfield code="a">DORSO</subfield>
  </datafield>
  <datafield tag="650" ind1=" " ind2=" ">
    <subfield code="a">T&#xD3;RAX</subfield>
  </datafield>
  <datafield tag="650" ind1=" " ind2=" ">
    <subfield code="a">ABDOMEN</subfield>
  </datafield>
  <datafield tag="650" ind1=" " ind2=" ">
    <subfield code="a">LINF&#xC1;TICOS</subfield>
  </datafield>
  <datafield tag="650" ind1=" " ind2=" ">
    <subfield code="a">GL&#xC1;NDULA TIROIDES</subfield>
  </datafield>
  <datafield tag="650" ind1=" " ind2=" ">
    <subfield code="a">PALADAR</subfield>
  </datafield>
  <datafield tag="650" ind1=" " ind2=" ">
    <subfield code="a">CORRECIONES CL&#xCD;NICAS</subfield>
  </datafield>
  <datafield tag="650" ind1=" " ind2=" ">
    <subfield code="a">V&#xC9;RTEBRAS CERVICALES</subfield>
  </datafield>
  <datafield tag="650" ind1=" " ind2=" ">
    <subfield code="a">SISTEMA NERVIOSO CENTRAL</subfield>
  </datafield>
  <datafield tag="650" ind1=" " ind2=" ">
    <subfield code="a">CELDA PAR&#xD3;TIDEA</subfield>
  </datafield>
  <datafield tag="650" ind1=" " ind2=" ">
    <subfield code="a">FOSA TEMPORAL</subfield>
  </datafield>
  <datafield tag="650" ind1=" " ind2=" ">
    <subfield code="a">VASCULARIZACI&#xD3;N</subfield>
  </datafield>
  <datafield tag="650" ind1=" " ind2=" ">
    <subfield code="a">FOSA PTERIGOPALATINA</subfield>
  </datafield>
  <datafield tag="650" ind1=" " ind2=" ">
    <subfield code="a">SENO MAXILAR</subfield>
  </datafield>
  <datafield tag="650" ind1=" " ind2=" ">
    <subfield code="a">SENO ESFENOIDAL</subfield>
  </datafield>
  <datafield tag="650" ind1=" " ind2=" ">
    <subfield code="a">GL&#xC1;NDULAS SALIVALES</subfield>
  </datafield>
  <datafield tag="942" ind1=" " ind2=" ">
    <subfield code="c">BK</subfield>
    <subfield code="2">ddc</subfield>
  </datafield>
  <datafield tag="999" ind1=" " ind2=" ">
    <subfield code="c">10520</subfield>
    <subfield code="d">10520</subfield>
  </datafield>
  <datafield tag="952" ind1=" " ind2=" ">
    <subfield code="o">611.91 N882a3</subfield>
    <subfield code="p">23088</subfield>
    <subfield code="x">MD</subfield>
    <subfield code="y">BK</subfield>
  </datafield>
  <datafield tag="952" ind1=" " ind2=" ">
    <subfield code="o">611.91 N882a3</subfield>
    <subfield code="p">23089</subfield>
    <subfield code="x">MD</subfield>
    <subfield code="y">BK</subfield>
  </datafield>
  <datafield tag="952" ind1=" " ind2=" ">
    <subfield code="o">611.91 N882a3</subfield>
    <subfield code="p">23090</subfield>
    <subfield code="x">MD</subfield>
    <subfield code="y">BK</subfield>
  </datafield>
  <datafield tag="952" ind1=" " ind2=" ">
    <subfield code="o">611.91 N882a3</subfield>
    <subfield code="p">23091</subfield>
    <subfield code="x">MD</subfield>
    <subfield code="y">BK</subfield>
  </datafield>
  <datafield tag="952" ind1=" " ind2=" ">
    <subfield code="o">611.91 N882a3</subfield>
    <subfield code="p">23092</subfield>
    <subfield code="x">MD</subfield>
    <subfield code="y">BK</subfield>
  </datafield>
  <datafield tag="952" ind1=" " ind2=" ">
    <subfield code="o">611.91 N882a3</subfield>
    <subfield code="p">23093</subfield>
    <subfield code="x">MD</subfield>
    <subfield code="y">BK</subfield>
  </datafield>
  <datafield tag="952" ind1=" " ind2=" ">
    <subfield code="o">611.91 N882a3</subfield>
    <subfield code="p">23094</subfield>
    <subfield code="x">MD</subfield>
    <subfield code="y">BK</subfield>
  </datafield>
  <datafield tag="952" ind1=" " ind2=" ">
    <subfield code="o">611.91 N882a3</subfield>
    <subfield code="p">23095</subfield>
    <subfield code="x">MD</subfield>
    <subfield code="y">BK</subfield>
  </datafield>
  <datafield tag="952" ind1=" " ind2=" ">
    <subfield code="o">611.91 N882a3</subfield>
    <subfield code="p">23096</subfield>
    <subfield code="x">MD</subfield>
    <subfield code="y">BK</subfield>
  </datafield>
  <datafield tag="952" ind1=" " ind2=" ">
    <subfield code="o">611.91 N882a3</subfield>
    <subfield code="p">23097</subfield>
    <subfield code="x">MD</subfield>
    <subfield code="y">BK</subfield>
  </datafield>
  <datafield tag="952" ind1=" " ind2=" ">
    <subfield code="o">611.91 N882a3</subfield>
    <subfield code="p">23098</subfield>
    <subfield code="x">MD</subfield>
    <subfield code="y">BK</subfield>
  </datafield>
  <datafield tag="952" ind1=" " ind2=" ">
    <subfield code="o">611.91 N882a3</subfield>
    <subfield code="p">23099</subfield>
    <subfield code="x">MD</subfield>
    <subfield code="y">BK</subfield>
  </datafield>
  <datafield tag="952" ind1=" " ind2=" ">
    <subfield code="o">611.91 N882a3</subfield>
    <subfield code="p">23100</subfield>
    <subfield code="x">MD</subfield>
    <subfield code="y">BK</subfield>
  </datafield>
  <datafield tag="952" ind1=" " ind2=" ">
    <subfield code="o">611.91 N882a3</subfield>
    <subfield code="p">23101</subfield>
    <subfield code="x">MD</subfield>
    <subfield code="y">BK</subfield>
  </datafield>
  <datafield tag="952" ind1=" " ind2=" ">
    <subfield code="o">611.91 N882a3</subfield>
    <subfield code="p">23102</subfield>
    <subfield code="x">MD</subfield>
    <subfield code="y">BK</subfield>
  </datafield>
  <datafield tag="952" ind1=" " ind2=" ">
    <subfield code="o">611.91 N882a3</subfield>
    <subfield code="p">23103</subfield>
    <subfield code="x">MD</subfield>
    <subfield code="y">BK</subfield>
  </datafield>
  <datafield tag="952" ind1=" " ind2=" ">
    <subfield code="o">611.91 N882a3</subfield>
    <subfield code="p">23104</subfield>
    <subfield code="x">MD</subfield>
    <subfield code="y">BK</subfield>
  </datafield>
  <datafield tag="952" ind1=" " ind2=" ">
    <subfield code="o">611.91 N882a3</subfield>
    <subfield code="p">23105</subfield>
    <subfield code="x">MD</subfield>
    <subfield code="y">BK</subfield>
  </datafield>
  <datafield tag="952" ind1=" " ind2=" ">
    <subfield code="o">611.91 N882a3</subfield>
    <subfield code="p">23106</subfield>
    <subfield code="x">MD</subfield>
    <subfield code="y">BK</subfield>
  </datafield>
  <datafield tag="952" ind1=" " ind2=" ">
    <subfield code="o">611.91 N882a3</subfield>
    <subfield code="p">23107</subfield>
    <subfield code="x">MD</subfield>
    <subfield code="y">BK</subfield>
  </datafield>
  <datafield tag="952" ind1=" " ind2=" ">
    <subfield code="o">Anatom&#xED;a de cabeza y cuello para odont&#xF3;logos</subfield>
    <subfield code="p">23108</subfield>
    <subfield code="x">MD</subfield>
    <subfield code="y">BK</subfield>
  </datafield>
  <datafield tag="952" ind1=" " ind2=" ">
    <subfield code="o">Anatom&#xED;a de cabeza y cuello para odont&#xF3;logos</subfield>
    <subfield code="p">23109</subfield>
    <subfield code="x">MD</subfield>
    <subfield code="y">BK</subfield>
  </datafield>
  <datafield tag="952" ind1=" " ind2=" ">
    <subfield code="o">Anatom&#xED;a de cabeza y cuello para odont&#xF3;logos</subfield>
    <subfield code="p">23110</subfield>
    <subfield code="x">MD</subfield>
    <subfield code="y">BK</subfield>
  </datafield>
  <datafield tag="952" ind1=" " ind2=" ">
    <subfield code="o">Anatom&#xED;a de cabeza y cuello para odont&#xF3;logos</subfield>
    <subfield code="p">23111</subfield>
    <subfield code="x">MD</subfield>
    <subfield code="y">BK</subfield>
  </datafield>
  <datafield tag="952" ind1=" " ind2=" ">
    <subfield code="o">Anatom&#xED;a de cabeza y cuello para odont&#xF3;logos</subfield>
    <subfield code="p">23112</subfield>
    <subfield code="x">MD</subfield>
    <subfield code="y">BK</subfield>
  </datafield>
  <datafield tag="952" ind1=" " ind2=" ">
    <subfield code="o">Anatom&#xED;a de cabeza y cuello para odont&#xF3;logos</subfield>
    <subfield code="p">23113</subfield>
    <subfield code="x">MD</subfield>
    <subfield code="y">BK</subfield>
  </datafield>
  <datafield tag="952" ind1=" " ind2=" ">
    <subfield code="o">Anatom&#xED;a de cabeza y cuello para odont&#xF3;logos</subfield>
    <subfield code="p">23114</subfield>
    <subfield code="x">MD</subfield>
    <subfield code="y">BK</subfield>
  </datafield>
  <datafield tag="952" ind1=" " ind2=" ">
    <subfield code="o">Anatom&#xED;a de cabeza y cuello para odont&#xF3;logos</subfield>
    <subfield code="p">23115</subfield>
    <subfield code="x">MD</subfield>
    <subfield code="y">BK</subfield>
  </datafield>
  <datafield tag="952" ind1=" " ind2=" ">
    <subfield code="o">Anatom&#xED;a de cabeza y cuello para odont&#xF3;logos</subfield>
    <subfield code="p">23116</subfield>
    <subfield code="x">MD</subfield>
    <subfield code="y">BK</subfield>
  </datafield>
  <datafield tag="952" ind1=" " ind2=" ">
    <subfield code="o">Anatom&#xED;a de cabeza y cuello para odont&#xF3;logos</subfield>
    <subfield code="p">23117</subfield>
    <subfield code="x">MD</subfield>
    <subfield code="y">BK</subfield>
  </datafield>
</record>
